000 00966nam a2200241 a 4500
001 BRCA_536
005 20190320203043.0
008 880630s1988 nyua---###---#000-0#eng-#
020 _a0517661128
040 _aDLC
_cDLC
_dDLC
050 4 _aN6465.A7
_b.G73 1988
100 1 _aGrasset, Eugène
_d1841-1917
_91855
245 1 0 _aArt Nouveau
_bfloral designs
_cEugène Grasset ; introduction by Laura Suffield.
260 _aNueva York
_bCrescent Books
_c1988
300 _a6 p.
_bil. (a color), 40 ilustraciones
_c38 cm.
440 0 _aLibrary of art and design
_91856
500 _aA selection of plates from La plante et ses applications ornementales, by Eugène Grasset published by E. Lyon-Claesen Bruxelles, 1897.
600 1 4 _aGrasset, Eugène
_d1841-1917
_xTemas, motivos
_91857
650 1 4 _aDecoración y ornamentación
_xFormas de la planta
_91858
650 1 4 _aDecoración y ornamentación
_xArt Nouveau
_91859
700 1 _aSuffield, Laura
_91860
942 _2lcc
_cB
999 _c468
_d468